Concepción médica de la psiquiatría : breves consideraciones médicas sobre el Tercer Congreso Mundial de Psiquiatría celebrado en Monreal, Canadá, en el mes de junio de 1961 /
Apuntes que el autor tomó de las conferencias que se presentaron durante el Congreso Mundial de Psiquiatría, celebrado en la ciudad de Monreal, Canadá en junio de 1961, y en donde se responden los principales avances que ha tenido la ciencia en esos años.
保存先:
| 団体著者: | |
|---|---|
| その他の著者: | , |
| フォーマット: | 会議録 図書 |
| 言語: | スペイン語 |
| 出版事項: |
Guadalajara, México :
Gharma,
1962
|
| 主題: | |
| タグ: |
タグなし, このレコードへの初めてのタグを付けませんか!
|
MARC
| LEADER | 00000nam^a2200000^a^4500 | ||
|---|---|---|---|
| 001 | 000561566 | ||
| 005 | 20250714000000.0 | ||
| 009 | 20260310131926.628 | ||
| 037 | |a Acervo ITESO - Biblioteca | ||
| 041 | |a ESP | ||
| 082 | |a 616. 89 |b CON 1961 | ||
| 111 | |a Congreso Mundial de Psiquiatría ( |n 3° : |b Monreal, Canadá : |c 1961) | ||
| 245 | 1 | 0 | |a Concepción médica de la psiquiatría : |b breves consideraciones médicas sobre el Tercer Congreso Mundial de Psiquiatría celebrado en Monreal, Canadá, en el mes de junio de 1961 / |c A. Hernández Aguilera ; pról. de D. Nieto. |
| 264 | 1 | |a Guadalajara, México : |b Gharma, |c 1962 | |
| 300 | |a 87 p. | ||
| 336 | |a texto |b txt |2 rdacontenido | ||
| 337 | |a sin mediación |b n |2 rdamedio | ||
| 338 | |a volumen |b nc |2 rdasoporte | ||
| 520 | |a Apuntes que el autor tomó de las conferencias que se presentaron durante el Congreso Mundial de Psiquiatría, celebrado en la ciudad de Monreal, Canadá en junio de 1961, y en donde se responden los principales avances que ha tenido la ciencia en esos años. | ||
| 649 | |a XX | ||
| 650 | |a Psicopatología | ||
| 650 | |a Neuropsiquiatría | ||
| 650 | |a Psiquiatría - |x Congresos - |x Tema Principal | ||
| 650 | |a Psiquiatría - |x Tema Principal | ||
| 700 | |a Hernández Aguilera, Arturo |e (autor) | ||
| 700 | |a Nieto, Dionisio |e (prólogo) | ||
| 910 | |a Fondo General | ||
| 920 | |a Impresos - Libros | ||
| 930 | |a Colección General | ||
| 905 | |a 101 | ||
| 901 | |a 0500399846 |b IT1 |c ACC |i D72654 |u 20250714 | ||
| 902 | |a https://opac.biblio.iteso.mx/vufind/Record/000561566 | ||